000 00514cam a22002054a 4500
005 20250605164302.0
008 250528s ||||||||||||||||||||||||d
035 _a22104
020 _a9781844453825
040 _aGR-AtMCL
_bgre
_dGR-AtMCL
_eAACR2
245 1 _aSUCCESSFUL PLACEMENTS IN EARLY YEARS SETTINGS
250 _a1
260 _bSage Publications,
_c2011
300 _a124
700 1 _aBasford Jo
_97979
700 1 _aHodson Elaine
_97980
942 _cBK
999 _c7160
_d7160